<?xml version="1.0" encoding="UTF-8"?>
<collection xmlns="http://www.loc.gov/MARC21/slim">
<record>
  <controlfield tag="001">250604</controlfield>
  <controlfield tag="005">20221218173023.0</controlfield>
  <datafield tag="024" ind1="7" ind2=" ">
    <subfield code="a">G:(DE-Ds200)BMWK-50WB2014</subfield>
    <subfield code="d">BMWK-50WB2014</subfield>
  </datafield>
  <datafield tag="035" ind1=" " ind2=" ">
    <subfield code="a">G:(DE-Ds200)BMWK-50WB2014</subfield>
  </datafield>
  <datafield tag="150" ind1=" " ind2=" ">
    <subfield code="a">Molekulare Grundlagen der Krebsentstehung durch kosmische Strahlung</subfield>
  </datafield>
  <datafield tag="450" ind1=" " ind2=" ">
    <subfield code="a">50WB2014</subfield>
    <subfield code="w">d</subfield>
    <subfield code="y">2020-11-01 - 2023-05-31</subfield>
  </datafield>
  <datafield tag="980" ind1=" " ind2=" ">
    <subfield code="a">G</subfield>
  </datafield>
  <datafield tag="980" ind1=" " ind2=" ">
    <subfield code="a">AUTHORITY</subfield>
  </datafield>
  <datafield tag="510" ind1="1" ind2=" ">
    <subfield code="0">I:(DE-588b)1249079764</subfield>
    <subfield code="a">Bundesministerium für Wirtschaft und Klimaschutz</subfield>
    <subfield code="b">BMWK</subfield>
  </datafield>
  <datafield tag="909" ind1="C" ind2="O">
    <subfield code="o">oai:juser.fz-juelich.de:916138</subfield>
    <subfield code="p">authority:GRANT</subfield>
    <subfield code="p">authority</subfield>
  </datafield>
  <datafield tag="909" ind1="C" ind2="O">
    <subfield code="o">oai:juser.fz-juelich.de:916138</subfield>
  </datafield>
</record>
</collection>